| 000 | 00655nam a2200205Ia 4500 | ||
|---|---|---|---|
| 003 | GCL | ||
| 008 | 140319s9999 xx 000 0 ara d | ||
| 040 |
_aGCL / _cGCL |
||
| 082 | 0 | 4 |
_a155.4 _bك س |
| 100 | 1 | _aعبدالعزيز القوصى | |
| 245 | 1 | 0 |
_aالصداقة والاحتفاظ بالاصدقاء / _cعبدالعزيز القوصى |
| 700 | 1 | _aمننجر, وليم | |
| 700 | 1 | _aساسى ناشد (مترجم) | |
| 300 | _a133 ص | ||
| 490 |
_aسلسلة دراسات سيكولوجية _v0 |
||
| 650 | 0 | 4 | _aالاطفال - علم نفس |
| 650 | 0 | 4 | _aالاصدقاء |
| 650 | 0 | 4 | _aالاطفال، الصداقة |
| 942 |
_2ddc _cBK |
||
| 999 |
_c47124 _d47124 |
||